000 00343nam a22001457a 4500
999 _c61492
_d61492
005 20240319165838.0
008 240319c2022 enk||||| |||| 00| 0 eng d
022 _a9770013061244
041 _aeng
245 _aThe Economist :
_b2022.
260 _aLondon,
_c2022.
300 _aV
653 _aეკონომიკა
942 _2udc
_cCR